Smallest Countries of Europe per Letter Minefield Quiz Stats

 Plays Quiz Updated Jul 14, 2016

Challenge
Share
Tweet
Embed
Score 0/20 Timer 07:00
10 Plays Today
Letter Country % Correct
A???
82.3%
V???
68.8%
M???
58.1%
L???
54.1%
S???
52.7%
B???
48.2%
K???
44.3%
E???
44.2%
D???
43.7%
C???
38.4%
Letter Country % Correct
H???
34%
U???
34%
F???
32.9%
I???
31.8%
G???
28.2%
P???
27.3%
N???
25.6%
R???
19.8%
T???
17.6%
Mines???
11.2%

You're not logged in!

Compare scores with friends on all Sporcle quizzes.
Join for Free
OR
Log In

Show Comments

Extras

Top Quizzes Today


Score Distribution

Your Account Isn't Verified!

In order to create a playlist on Sporcle, you need to verify the email address you used during registration. Go to your Sporcle Settings to finish the process.

Report this User

Report this user for behavior that violates our Community Guidelines.

Details: